Premier League Players at the 2022 FIFA World Cup - Statistics

General Stats
  • This quiz has been taken 6,980 times
    6,397 since last reset
  • The average score is 65 of 134
Answer Stats
Country Answer Club % Correct
Argentina Emiliano Martínez Aston Villa
89%
Portugal José Sá Wolverhampton Wanderers
88%
Argentina Lisandro Martínez Manchester United
88%
Belgium Kevin De Bruyne Manchester City
82%
England Bukayo Saka Arsenal
81%
Argentina Julián Álvarez Manchester City
79%
England Harry Kane Tottenham Hotspur
78%
Argentina Alexis Mac Allister Brighton & Hove Albion
77%
Brazil Thiago Silva Chelsea
77%
Portugal Bernardo Silva Manchester City
76%
South Korea Heung-min Son Tottenham Hotspur
76%
Argentina Cristian Romero Tottenham Hotspur
75%
Netherlands Virgil van Dijk Liverpool
72%
Portugal Bruno Fernandes Manchester United
71%
Brazil Gabriel Jesus Arsenal
71%
Brazil Gabriel Martinelli Arsenal
71%
England Phil Foden Manchester City
70%
Denmark Christian Eriksen Manchester United
69%
England John Stones Manchester City
69%
Brazil Alisson Becker Liverpool
68%
Brazil Ederson Moraes Manchester City
68%
England Declan Rice West Ham United
67%
England Jordan Pickford Everton
67%
England Kyle Walker Manchester City
67%
England Marcus Rashford Manchester United
67%
Croatia Mateo Kovačić Chelsea
66%
England Trent Alexander-Arnold Liverpool
66%
Germany İlkay Gündoğan Manchester City
65%
England Jordan Henderson Liverpool
65%
Brazil Casemiro Manchester United
64%
United States Christian Pulisic Chelsea
64%
Germany Kai Havertz Chelsea
64%
Netherlands Nathan Aké Manchester City
64%
Brazil Richarlison Tottenham Hotspur
64%
Portugal Rúben Dias Manchester City
64%
Uruguay Darwin Núñez Liverpool
63%
England Harry Maguire Manchester United
63%
England Aaron Ramsdale Arsenal
61%
France Ibrahima Konaté Liverpool
61%
England Jack Grealish Manchester City
61%
France William Saliba Arsenal
61%
Belgium Youri Tielemans Leicester City
61%
Portugal Cristiano Ronaldo Manchester United
60%
Brazil Fabinho Liverpool
60%
Switzerland Granit Xhaka Arsenal
60%
Morocco Hakim Ziyech Chelsea
60%
Spain Rodri Manchester City
60%
England Ben White Arsenal
59%
Brazil Lucas Paquetá West Ham United
59%
England Raheem Sterling Chelsea
59%
England Luke Shaw Manchester United
58%
Ghana Thomas Partey  Arsenal
58%
Brazil Antony Manchester United
57%
Brazil Bruno Guimarães Newcastle United
57%
Croatia Ivan Perišić Tottenham Hotspur
57%
Poland Matty Cash Aston Villa
57%
France Hugo Lloris Tottenham Hotspur
56%
England James Maddison Leicester City
55%
Ecuador Moisés Caicedo Brighton & Hove Albion
55%
Serbia Aleksandar Mitrović Fulham
54%
Portugal Diogo Dalot Manchester United
54%
Japan Kaoru Mitoma Brighton & Hove Albion
54%
England Kieran Trippier Newcastle United
54%
England Mason Mount Chelsea
54%
France Raphaël Varane Manchester United
54%
Portugal João Cancelo Manchester City
53%
Switzerland Manuel Akanji Manchester City
53%
Mexico Raúl Jiménez Wolverhampton Wanderers
53%
Japan Takehiro Tomiyasu Arsenal
53%
Wales Daniel James Fulham
52%
Senegal Édouard Mendy Chelsea
52%
Brazil Fred Manchester United
52%
Senegal Nampalys Mendy Leicester City
52%
Denmark Pierre-Emile Højbjerg Tottenham Hotspur
50%
England Nick Pope Newcastle United
49%
Belgium Amadou Onana Everton
47%
England Callum Wilson Newcastle United
46%
Wales Harry Wilson Fulham
46%
Senegal Kalidou Koulibaly Chelsea
46%
South Korea Hee-chan Hwang Wolverhampton Wanderers
45%
England Eric Dier Tottenham Hotspur
44%
Uruguay Rodrigo Bentancur Tottenham Hotspur
44%
Portugal Rúben Neves Wolverhampton Wanderers
44%
Belgium Leandro Trossard Brighton & Hove Albion
43%
Spain David Raya Brentford
41%
Switzerland Fabian Schär Newcastle United
41%
Spain Aymeric Laporte Manchester City
40%
Cameroon Bryan Mbeumo Brentford
40%
England Kalvin Phillips Manchester City
40%
Ecuador Pervis Estupiñán Brighton & Hove Albion
40%
Spain César Azpilicueta Chelsea
39%
United States Matt Turner Arsenal
38%
Wales Ben Davies Tottenham Hotspur
37%
Morocco Nayef Aguerd West Ham United
35%
Belgium Wout Faes Leicester City
35%
Portugal João Palhinha Fulham
34%
Senegal Pape Matar Sarr Tottenham Hotspur
34%
France Alphonse Areola West Ham United
33%
England Conor Gallagher Chelsea
33%
Spain Robert Sánchez Brighton & Hove Albion
33%
Belgium Timothy Castagne Leicester City
33%
United States Antonee Robinson Fulham
32%
United States Tyler Adams Leeds United
32%
Netherlands Tyrell Malacia Manchester United
32%
United States Brenden Aaronson Leeds United
30%
Denmark Joachim Andersen Crystal Palace
30%
Switzerland Denis Zakaria Chelsea
29%
Senegal Idrissa Gueye Everton
29%
Denmark Mikkel Damsgaard Brentford
29%
Uruguay Facundo Pellistri Manchester United
28%
Ghana Jordan Ayew  Crystal Palace
28%
England Conor Coady Everton
27%
Belgium Leander Dendoncker Aston Villa
27%
Denmark Christian Nørgaard Brentford
26%
United States Tim Ream Fulham
26%
Wales Brennan Johnson Nottingham Forest
25%
Germany Thilo Kehrer West Ham United
25%
Wales Danny Ward Leicester City
23%
Portugal Matheus Nunes Wolverhampton Wanderers
23%
Denmark Mathias Jensen Brentford
22%
Denmark Rasmus Kristensen Leeds United
22%
Germany Armel Bella-Kotchap Southampton
21%
Ghana Tariq Lamptey  Brighton & Hove Albion
20%
Ghana Daniel Amartey  Leicester City
18%
Poland Jan Bednarek Aston Villa
18%
Wales Neco Williams Nottingham Forest
18%
Wales Kieffer Moore Bournemouth
16%
Switzerland Remo Freuler Nottingham Forest
16%
Ghana Mohammed Salisu  Southampton
15%
Ecuador Jeremy Sarmiento Brighton & Hove Albion
13%
Senegal Cheikhou Kouyaté Nottingham Forest
12%
Iran Saman Ghoddos Brentford
12%
Wales Wayne Hennessey Nottingham Forest
10%
Wales Chris Mepham Bournemouth
9%
No matching quizzes found
Score Distribution
Percent of People with Each Score
Percentile by Number Answered
Your Score History
You have not taken this quiz since the last reset